|
|
|
|
| LEADER |
00000nam0a2200000 4500 |
| 001 |
273475 |
| 005 |
20231101234631.0 |
| 035 |
|
|
|a (RuTPU)RU\TPU\book\296684
|
| 090 |
|
|
|a 273475
|
| 100 |
|
|
|a 20141027d1963 km y0rusy50 ca
|
| 101 |
0 |
|
|a rus
|
| 102 |
|
|
|a UA
|
| 105 |
|
|
|a a z 001zy
|
| 200 |
1 |
|
|a Тепло Земли
|f Т. С. Лебедев, Д. В. Корниец
|
| 210 |
|
|
|a Киев
|c Изд-во АН УССР
|d 1963
|
| 215 |
|
|
|a 64 с.
|c ил.
|
| 225 |
1 |
|
|a Научно-популярная серия
|
| 320 |
|
|
|a Библиогр.: с. 62-63.
|
| 606 |
1 |
|
|a Геотермическая разведка
|2 stltpush
|3 (RuTPU)RU\TPU\subj\6237
|9 34169
|
| 610 |
1 |
|
|a Земля
|
| 610 |
1 |
|
|a поверхность
|
| 610 |
1 |
|
|a тепло
|
| 610 |
1 |
|
|a строение
|
| 610 |
1 |
|
|a термальные процессы
|
| 610 |
1 |
|
|a изучение
|
| 610 |
1 |
|
|a использование
|
| 675 |
|
|
|a 550.836
|v 3
|
| 700 |
|
1 |
|a Лебедев
|b Т. С.
|g Тарас Сергеевич
|
| 701 |
|
1 |
|a Корниец
|b Д. В.
|g Дар Васильевич
|
| 801 |
|
1 |
|a RU
|b 63413507
|c 20141027
|
| 801 |
|
2 |
|a RU
|b 63413507
|c 20150311
|g RCR
|
| 942 |
|
|
|c BK
|